| 000 | 00900nam a22002057a 4500 | ||
|---|---|---|---|
| 005 | 20230927143546.0 | ||
| 008 | s2553 th ||||| |||| 00| 0 tha d | ||
| 020 | _a9789742888688 | ||
| 090 | _aKS43 ส789ถ 2553 | ||
| 100 | 0 | _aสุนทร มณีสวัสดิ์ | |
| 245 | 1 | 0 | _aถาม-ตอบ หนี้ [8th] |
| 260 | 3 |
_aกรุงเทพฯ : _bวิญญูชน, _c2553 |
|
| 300 |
_a237 หน้า ; _b 21 ซม. |
||
| 650 | 0 | 4 | _aกฎหมายแพ่งและพาณิชย์ -- หนี้ -- คำถามและคำตอบ |
| 850 | _aNALT | ||
| 942 |
_cLB _03 |
||
| 997 |
_a39664 ฉ.1 /39665 ฉ.2 _kVC |
||
| 997 | _c000000000063767 | ||
| 998 |
_aนางสุกัญญา กัลยา _j111 _k นางสาวพจพิณ พรมเอี่ยม |
||
| 999 |
_c63767 _d63767 |
||